000 00977nam a2200229Ia 4500
999 _c39555
_d39555
001 6154
003 GE_BSU
005 20191223120019.0
008 181216s1968||||ge |||||||||||||| ||geo||
040 _cGE_BSU
041 _ageo
080 _a821.353.1-32 გ-42
100 _aგეწაძე, აკაკი.
_95853
245 _aმხოლოდ ერთი ნაბიჯი :
_bმოთხრობები /
_cაკაკი გეწაძე ; რედ. ჯ. ნიქაბაძე ; მხატვ. ი. ყიფშიძე.
264 _aთბილისი :
_bსაბჭ. საქართველო,
_c1968.
300 _a411 გვ. ;
_c21 სმ.
653 _aმოთხრობები
653 _aმხოლოდ ერთი ნაბიჯი
700 _aნიქაბაძე, ჯ.
_95907
_eრედაქტორი
700 _aყიფშიძე, ი.
_eმხატვარი
_95908
942 _cBK
_2udc